Harry Potter and the Half-Blood Prince / (Record no. 599820)

000 -LEADER
fixed length control field 00345nam a2200121Ia 4500
008 - FIXED-LENGTH DATA ELEMENTS--GENERAL INFORMATION
fixed length control field 230907s9999||||xx |||||||||||||| ||und||
082 ## - DEWEY DECIMAL CLASSIFICATION NUMBER
Classification number 823.92
Author Mark ROW
100 ## - MAIN ENTRY--PERSONAL NAME
Personal name Rowling, J. K.
9 (RLIN) 11309
245 #0 - TITLE STATEMENT
Title Harry Potter and the Half-Blood Prince /
300 ## - PHYSICAL DESCRIPTION
Extent x, 652 pages :
650 ## - SUBJECT ADDED ENTRY--TOPICAL TERM
Topical term or geographic name entry element Fiction. English Literature Fiction. Fiction.
942 ## - ADDED ENTRY ELEMENTS (KOHA)
Koha item type Book
Holdings
Withdrawn status Lost status Damaged status Not for loan Permanent Location Current Location Date acquired Total Checkouts Full call number Barcode Date last seen Price effective from Koha item type
        US-Pakistan Center for Advanced Studies in Energy (USPCAS-E) US-Pakistan Center for Advanced Studies in Energy (USPCAS-E) 09/13/2019   823.92 ROW CAS-E0003919 09/12/2023 09/12/2023 Book
© 2023 Central Library, National University of Sciences and Technology. All Rights Reserved.